Welcome to the Holygrace Academy Library

Please use search bar below to get started

BODY LANGUAGE (Record no. 1773)

MARC details
000 -LEADER
fixed length control field 00349nam a22001457a 4500
020 ## - INTERNATIONAL STANDARD BOOK NUMBER
ISBN 0-7619-9491-2
082 ## - DEWEY DECIMAL CLASSIFICATION NUMBER
Classification number 153.69
Item number LEW/B
100 ## - MAIN ENTRY--AUTHOR NAME
Personal name LEWIS, HEDWIG
245 ## - TITLE STATEMENT
Title BODY LANGUAGE
Remainder of title A GUIDE FOR PROFESSIONALS
250 ## - EDITION STATEMENT
Edition statement SECOND EDITION
260 ## - PUBLICATION, DISTRIBUTION, ETC. (IMPRINT)
Place of publication DELHI
Name of publisher RESPONSE BOOKS
Year of publication 2005
300 ## - PHYSICAL DESCRIPTION
Number of Pages 207
650 ## - SUBJECT ADDED ENTRY--TOPICAL TERM
Topical Term PSHCYCOLOGY
Geographic subdivision INDIA
942 ## - ADDED ENTRY ELEMENTS (KOHA)
Koha item type Books
Holdings
Withdrawn status Lost status Collection code Home library Current library Shelving location Date acquired Source of acquisition Full call number Accession Number Koha item type
    Reference Main Library Main Library SHELF-17H-PERSONALITY DEVELOPMENT BOOKS 04/04/2006 purchase 001 LEW/B 02073 Books